Guess the Taylor Swift Song (1) - Statistics

General Stats
  • This quiz has been taken 31 times
    8 since last reset
  • The average score is 175 of 304
Answer Stats
Answer % Correct
I
100%
you
100%
a
83%
and
83%
be
83%
is
83%
it
83%
know
83%
no
83%
not
83%
on
83%
so
83%
the
83%
to
83%
what
83%
when
83%
your
83%
about
67%
are
67%
do
67%
don't
67%
everything
67%
if
67%
I'm
67%
in
67%
me
67%
that
67%
who
67%
you're
67%
all
50%
can
50%
cant
50%
feel
50%
here
50%
it's
50%
let
50%
my
50%
only
50%
say
50%
time
50%
true
50%
we
50%
with
50%
boy
33%
crazy
33%
down
33%
drive
33%
fly
33%
girl
33%
ground
33%
half
33%
like
33%
matter
33%
need
33%
night
33%
or
33%
other
33%
out
33%
up
33%
wanna
33%
without
33%
anybody
17%
behind
17%
beneath
17%
by
17%
crickets
17%
deepest
17%
else
17%
fears
17%
field
17%
figure
17%
Friday
17%
gets
17%
hard
17%
hide
17%
isn't
17%
just
17%
listen
17%
live
17%
livin'
17%
myself
17%
nobody
17%
painting
17%
picture's
17%
right
17%
secrets
17%
side
17%
sing
17%
sky
17%
small
17%
sometimes
17%
stars
17%
still
17%
tears
17%
tell
17%
thing
17%
through
17%
town
17%
try
17%
trying
17%
well
17%
world
17%
yard
17%
No matching quizzes found
Score Distribution
Percent of People with Each Score
Percentile by Number Answered
Your Score History
You have not taken this quiz since the last reset